Biggest Native American Tribes Today - Statistics

General Stats
  • This quiz has been taken 31 times
  • The average score is 5 of 10
Answer Stats
Rank Answer % Correct
2# Navajo
93%
1# Cherokee
81%
6# Apache
70%
5# Sioux
70%
9# Iroquois
63%
3# Choctaw
33%
7# Blackfeet (Siksikaitsitapi)
26%
4# Chippewa
26%
8# Creek (Muscogee)
22%
10# Lumbee
4%
No matching quizzes found
Score Distribution
Percent of People with Each Score
Percentile by Number Answered
Your Score History
You have not taken this quiz